Statistics for U.S. Supreme Court Justices by Picture

Click here to take the quiz!

General Stats

  • This quiz has been taken 279 times
  • The average score is 8 of 9

Answer Stats

Answer% Correct
Clarence Thomas
97%
Brett Kavanaugh
89%
John Roberts
89%
Sonia Sotomayor
89%
Amy Coney Barrett
88%
Elena Kagan
85%
Neil Gorsuch
80%
Samuel Alito
80%
Stephen Breyer
77%

Score Distribution

Percentile by Number Answered

Percent of People with Each Score

Your Score History

You have not taken this quiz